Haz : (Record no. 192859)

MARC details
000 -LEADER
campo de control de longitud fija 02377nas a2200589 i 4500
001 - NÚMERO DE CONTROL
campo de control 192859
003 - IDENTIFICADOR DE NÚMERO DE CONTROL
campo de control ES-MaACL
005 - FECHA Y HORA DE LA ÚLTIMA TRANSACCIÓN
campo de control 20250217134938.0
007 - CAMPO FIJO DE DESCRIPCIÓN FÍSICA--INFORMACIÓN GENERAL
campo de control de longitud fija ta
008 - DATOS DE LONGITUD FIJA--INFORMACIÓN GENERAL
campo de control de longitud fija 230612d19351955sp er p 0uuub0spa
016 7# - NÚMERO DE CONTROL DE UNA AGENCIA BIBLIOGRÁFICA NACIONAL
Número de control del registro biseBNE19970285397
Fuente SpMaBN
Número de control cancelado/no válido REB1996010148
022 0# - NÚMERO INTERNACIONAL NORMALIZADO PARA PUBLICACIONES SERIADAS
Número Internacional Normalizado para Publicaciones Seriadas 1577-936X
035 ## - NÚMERO DE CONTROL DEL SISTEMA
Número de control de sistema (OCoLC)436715812
040 ## - FUENTE DE CATALOGACIÓN
Centro catalogador/agencia de origen SpMaBN
Lengua de catalogación spa
Centro/agencia transcriptor SIC
Normas de descripción rdc
Centro/agencia modificador ES-MaACL
080 ## - NÚMERO DE LA CLASIFICACIÓN DECIMAL UNIVERSAL
Número de la Clasificación Decimal Universal 378
080 ## - NÚMERO DE LA CLASIFICACIÓN DECIMAL UNIVERSAL
Número de la Clasificación Decimal Universal 331.105.44(460):378
080 ## - NÚMERO DE LA CLASIFICACIÓN DECIMAL UNIVERSAL
Número de la Clasificación Decimal Universal (051)
130 0# - ENTRADA PRINCIPAL--TÍTULO UNIFORME
Título uniforme Haz (Madrid)
9 (RLIN) 226674
210 0# - TÍTULO ABREVIADO
Título abreviado Haz
Información calificativa Madr.
222 #0 - TÍTULO CLAVE
Título clave Haz
Información calificativa Madrid
245 10 - MENCIÓN DEL TÍTULO
Título Haz :
Resto del título semanario deportivo universitario
260 ## - PUBLICACIÓN, DISTRIBUCIÓN, ETC.
Lugar de publicación, distribución, etc. Madrid :
Nombre del editor, distribuidor, etc. Sindicato Español Universitario,
Fecha de publicación, distribución, etc. 1935-
300 ## - DESCRIPCIÓN FÍSICA
Extensión 6 v. ;
Dimensiones 42 cm
310 ## - PERIODICIDAD ACTUAL
Periodicidad actual quincenal
Fecha de comienzo de la periodicidad actual 1953-1955
321 ## - PERIODICIDAD ANTERIOR
Periodicidad anterior Irregular
Fechas de la periodicidad anterior 1935-1936
321 ## - PERIODICIDAD ANTERIOR
Periodicidad anterior mensual
Fechas de la periodicidad anterior 1938-oct. 1940
321 ## - PERIODICIDAD ANTERIOR
Periodicidad anterior semanal
Fechas de la periodicidad anterior nov. 1940-1942
321 ## - PERIODICIDAD ANTERIOR
Periodicidad anterior mensual
Fechas de la periodicidad anterior 1943-1952
336 ## - TIPO DE CONTENIDO
Fuente isbdcontent
Término de tipo de contenido Texto (visual)
337 ## - TIPO DE MEDIO
Fuente isbdmedia
Nombre/término del tipo de medio sin mediación
362 0# - FECHAS DE PUBLICACIÓN Y/O DESIGNACIÓN SECUENCIAL
Fecha de publicación y/o designación secuencial Año 1, n. 1 (26 marzo 1935)-
362 1# - FECHAS DE PUBLICACIÓN Y/O DESIGNACIÓN SECUENCIAL
Fecha de publicación y/o designación secuencial Cesó en 1955
500 ## - NOTA GENERAL
Nota general CPPBAM, 1407
500 ## - NOTA GENERAL
Nota general Variaciones en el subtítítulo
500 ## - NOTA GENERAL
Nota general Publicada de septiembre de 1938 a jul. de 1939 en Bilbao
500 ## - NOTA GENERAL
Nota general Título tomado de la cabecera
500 ## - NOTA GENERAL
Nota general Variaciones en el formato
515 ## - NOTA DE PECULIARIDADES DE LA NUMERACIÓN
Nota de peculiaridades de la numeración La publicación tiene 6 épocas con cambios de numeración: 1. época de 1935 a feb. de 1936; 2. época de 1938 a oct. de 1940; 3 época de nov. de 1940 a 1942; 4. época de 1943 a 1945; 5. época de 1951 a 1952; 6. época de 1953 a 1955
515 ## - NOTA DE PECULIARIDADES DE LA NUMERACIÓN
Nota de peculiaridades de la numeración No se publica de marzo de 1936 a ag. 1938, y de 1946 a 1950
580 ## - NOTA DE RELACIÓN COMPLEJA
Nota de relación compleja Existe una reprod. fasc. de los números editados en la primera época de 1935 a 1936
610 24 - PUNTO DE ACCESO ADICIONAL DE MATERIA--NOMBRE DE ENTIDAD CORPORATIVA
Nombre de entidad corporativa o nombre de jurisdicción como elemento de entrada Sindicato Español Universitario (España)
Fuente del encabezamiento o término embne
9 (RLIN) 6603
650 #7 - PUNTO DE ACCESO ADICIONAL DE MATERIA--TÉRMINO DE MATERIA
Término de materia o nombre geográfico como elemento de entrada Enseñanza superior
Fuente del encabezamiento o término embne
Subdivisión de forma Publicaciones periódicas
9 (RLIN) 226675
700 ## - ENTRADA AGREGADA--NOMBRE PERSONAL
Nombre de persona Crespo, Alberto
9 (RLIN) 226676
710 2# - ENTRADA AGREGADA--NOMBRE DE ENTIDAD CORPORATIVA
Nombre de entidad corporativa o nombre de jurisdicción como elemento de entrada Sindicato Español Universitario (España)
9 (RLIN) 6603
775 ## - ENTRADA/ENLACE A OTRA EDICIÓN
Título Haz (Madrid)
Número Internacional Normalizado para Publicaciones Seriadas 1577-936X
852 ## - LOCALIZACIÓN
Ubicación ES-MaACL
itemnumber 179638
Número de control de estantería Hem-571
Signatura antigua Olim: B-8098
Ubicación en estantería Depósito 1
856 42 - LOCALIZACIÓN Y ACCESO ELECTRÓNICOS
Materiales especificados 1935-1936 de la edición facsímil
Identificador Uniforme de Recursos <a href="http://hemerotecadigital.bne.es/issn/1577-936X">http://hemerotecadigital.bne.es/issn/1577-936X</a>
Nota pública Hemeroteca digital
866 ## - MENCIÓN TEXTUAL DE FONDOS--UNIDAD BIBLIOGRÁFICA BÁSICA
Fondos Fondos: 1935(1940)(1941)(1942)1943-1945(1946). Faltas: 1942(n.65)
942 ## - ELEMENTOS DE ENTRADA SECUNDARIOS (KOHA)
Fuente del sistema de clasificación o colocación Clasificación decimal universal
Suprimir en OPAC No
Tipo de ítem Koha Revista
955 ## - CATALOGADOR - EDICIÓN
Nombre de catalogador Orex Digital
Holdings
Estatus retirado Estado de pérdida Estado de daño No para préstamo Colección Biblioteca de origen Biblioteca actual Ubicación en estantería Fecha de adquisición Fuente de adquisición Total de préstamos Signatura topográfica completa Código de barras Visto por última vez Precio de reemplazo Tipo de ítem Koha
        Periódicos y Revistas Biblioteca del Ateneo de Madrid Biblioteca del Ateneo de Madrid Depósito 1 22/09/2009     Hem-571 1181497 23/02/2023 23/02/2023 Revista